000 01318nam0a22002771 4500
001 rc\4530044
005 20260407163745.0
021 _aRU
_b[64-80017]
035 _a(NLR Aleph) 008629063
090 _a8870742
_c8870742
100 _a20130416d1964 |||y0rusy50 ca
101 0 _arus
102 _aRU
105 _ay c |||||
200 1 _aКишечные инфекции у детей
_eДиагностика, лечение и основные противоэпидем. мероприятия
_eМетод. указания
_fРазработ. проф. А.Л. Либовым, проф. М.Н. Небытовой-Лукьянчиковой
_gМ-во здравоохранения Литов. ССР
210 _aВильнюс
_cБ. и.
_d1964
215 _a32 с.
_d20
606 _aКишечные инфекции у детей
_2psbo
702 1 _aЛибов
_bА.Л.
_gАлександр Леонидович
_4570
702 1 _4570
_7ca
_8rus
_aНебытова-Лукьянчикова
_bМ. Н.
_f1894-1986
_gМария Николаевна
_9227249
_3RU\NLR\AUTH\770227305
712 0 1 _aЛитССР
_bМинистерство здравоохранения
_3RU\NLR\AUTH\8810102683
_9705988
801 0 _aRU
_bNLR
_gpsbo
801 1 _aRU
_bELAR
_2rusmarc
852 _aNLR
_j64-4/18049
942 _cBOOK
980 _aNB